000 00264nam a22001097a 4500
008 170126b xxu||||| |||| 00| 0 eng d
020 _a9781416056270
041 _aeng
080 _27TH
_a61
245 _aBUILDING A MEDICAL VOCABULARY
_cLEONARD, P.C
942 _2udc
_cBK
999 _c3757
_d3757